000 00402 a2200169 4500
001 194308
020 _a978-85-8193-417-4
040 _cMagnum
100 _aZambujal, Isabel
240 1 0 _aLaura e Lucas descobrem Degas
_lpor
245 1 0 _aLaura e Lucas descobrem Degas
300 _a32
362 0 _a2019
440 1 _aFolha de São Paulo
697 _aLITERATURA INFANTO-JUVENIL
942 _cBK
999 _c194308
_d194308